Quizzes
Events
Quiz Creation
Community
Videos
Private Events
Remove Ads
Sign In
Join for FREE
Feedback
Dark Mode
Quiz Categories
Sports
Geography
Music
Movies
Television
Just For Fun
Miscellaneous
History
Literature
Language
Science
Gaming
Entertainment
Religion
Holiday
For Kids
Quiz Lab
Recent
Popular Today
Quiz Kudos Today
Editor Picks
Curator Picks
Quizzes by...
Day
Popularity
Type
Ratings
Length
Year
Community
Subscriptions
Recent Discussions
Orange Saloon
Badges
Playlists
Quests
Create
Leaderboards
Showdown
Live 5
Trivia Bingo
Activity
Puzzle Library
Sporcle Events
Private Events
Virtual Trivia
Globe League
Become a Host
Pub Owners
SporcleCon
Opinionation
Our Games
Videos
Blog
Mobile Apps
Partnerships
Remove Ads and Go Orange
Feedback
Sports
Athletes
MLB
NBA
NHL
NFL
Soccer
Sports Teams
WWE
NCAA
Football
Premier League
Basketball
Baseball
Hockey
Golf
Tennis
Cricket
Rugby
Auto Racing
Olympics
World Cup
Sports
Athletes
MLB
NBA
NHL
NFL
Soccer
Sports Teams
WWE
NCAA
Football
Premier League
Basketball
Baseball
Hockey
Golf
Tennis
Cricket
Rugby
Auto Racing
Olympics
World Cup
Random Quiz
Search Sporcle
×
Quiz Lab
Quiz Lab
Sports
Letter
Type in answers that appear in a list
Type in answers that appear in a list
Classic
Best Score? Go Orange.
'I' Game - Premier League Edition Stats
Can you name the things beginning with the letter I from the English Premier League ever?
By
cscholes
8m
17 Questions
437 Plays
437 Plays
437 Plays
Comments
Comments
Give Quiz Kudos
Give Quiz Kudos
-
- Ratings
hide this ad
More Info
Replay
Link that replays current quiz
Next Quiz
Link to next quiz in quiz playlist
You Got
0%
They Got
Avg Score
50%
Avg Friend Score
Upgrade to see
Score Distribution
Jump to the score distribution portion of the page
Score
0/17
Timer
08:00
0
Plays Today
% Correct
Ipswich Town
90.8%
Paul Ince
79.2%
Paul Ince
79.2%
Paul Ince
79.2%
Paul Ince
79.2%
Steffen Iversen
58.6%
Steffen Iversen
58.6%
Denis Irwin
49.9%
Denis Irwin
49.9%
% Correct
Ivar Ingimarsson
39.4%
Andreas Isaksson
35.9%
Branislav Ivanovic
34.8%
Muzzy Izzet
32.7%
Muzzy Izzet
32.7%
Andrew Impey
26.3%
Kare Ingebrigtsen
12.8%
Klas Ingesson
12.8%
Quiz Playlist
Details
Report
Send in Message
Add To Playlist
More Info:
All surnames and clubs begin with the letter I. Try the A-H quizzes on my profile page.
Classic:
Type in answers that appear in a list
Last Updated: Feb 16, 2017
Quiz Scoreboard
CHALLENGE
Sign Up to Join the Scoreboard
Show All
Scores
Hide
Comments
May contain spoilers
Recently Published
TV Characters by Other Roles V
by ghcgh
Television
5m
Decade Duel: World Leaders
by jenniferyan
History
4m
Alphabetical 'K' Countries by Flag Minefield
by ylime102
Geography
3m
More to Explore
Quiz From the Vault
Featured Blog Post
15 Basketball Trivia Facts You Can Be March Mad About
hide this ad
You Might Also Like...
Tags
Letter Quiz
Premier League Quiz
Begins With
Edition
English
Ever
League
Premier
Today's Top Quizzes in Sports
Browse Sports
hide this ad
Today's Top Quizzes in Letter
Browse Letter
Top Contributed Quizzes in Sports
1
Les joueurs à 100 buts en Ligue 1 Uber Eats
2
2022 World Cup Stars
3
Pick 6: NFL Teams
4
MLB 2 truths and a lie: Hall of Fame pitchers
5
Pick 6: Minor League Baseball
6
Millionaire: NBA Finals Edition
7
Pick 6: Olympics
8
50+ Goals in European Competition
9
Click the 1998 NBA Draft
10
Iconic Moments in Football - Multiple Choice
Explore More
Trending Topics
Disney
Kpop
Crossword
Anime
Harry Potter
Marvel
NBA
Soccer
Pokémon
Puzzle
Country
The Office
WWE
Song
NFL
hide this ad
More By:
cscholes
Quiz
Plays
Rating
Category
Featured
Created
Premier League Years
5,773
4.32
Sports
Aug 3, 2010
'C' Game - Premier League Edition
2,784
4.12
Sports
Mar 31, 2010
'B' Game - Premier League Edition
2,444
4.23
Sports
Mar 30, 2010
'A' Game - Premier League Edition
1,664
3.53
Sports
Mar 29, 2010
'F' Game - Premier League Edition
1,449
4.25
Sports
Apr 23, 2010
Go to Creator's Profile
Score Distribution
Quiz Creator Spotlight
cscholes
Follow
Send a Message
Quizzes Created
-
Created Quiz Play Count
-
More By This Creator
Popular Quizzes Today
1
Countries of Asia Without Outlines Minefield
2
Find the US States - No Outlines Minefield
3
Pick 6: Fruits
4
The Countries of the World
5
Alphabetical 'K' Countries by Flag Minefield
6
Find the Countries of Europe - No Outlines Minefield
7
US States
8
Find the US States
More Sports Quizzes
Россияне в Серии А
Quiz Lab
Trending Quizzes
Pick 6: Mountains
Pick 6: Harry Potter
Pick 6: Flags
Pick 6: NFL Teams
Pick 6: Movie Franchises
Recently Updated
Adaptations: Name the Title
pecheneg
NWSL Teams
pecheneg
Women's Final Four Teams by Year
bhenderson79
Presidents Quartet II
eogle
Anything But Clue(do)
eogle
Anything But Oceanian Capitals
eogle
Anything But 7
eogle
Anything But Thing
eogle
Word Ladder: February 29
pecheneg
Song Title Questions
pecheneg
Trending Topics
Crossword
Kpop
Anime
Harry Potter
Marvel
NBA
Disney
The Office
NFL
Puzzle
Soccer
Song
WWE
Country
Pokémon
Your Account Isn't Verified!
In order to create a playlist on Sporcle, you need to verify the email address you used during registration. Go to your
Sporcle Settings
to finish the process.
Report this User
Report this user for behavior that violates our
Community Guidelines
.
Details:
Send Report
Go to the Sporcle.com Mobile Site →
Comments